<?xml version="1.0" encoding="UTF-8"?>
<record
    xmlns:xsi="http://www.w3.org/2001/XMLSchema-instance"
    xsi:schemaLocation="http://www.loc.gov/MARC21/slim http://www.loc.gov/standards/marcxml/schema/MARC21slim.xsd"
    xmlns="http://www.loc.gov/MARC21/slim">

  <leader>00777    a2200181   4500</leader>
  <controlfield tag="003">Nust</controlfield>
  <controlfield tag="005">20230126095116.0</controlfield>
  <datafield tag="040" ind1=" " ind2=" ">
    <subfield code="c">Nust</subfield>
  </datafield>
  <datafield tag="082" ind1=" " ind2=" ">
    <subfield code="a">420.4,IDR</subfield>
  </datafield>
  <datafield tag="100" ind1=" " ind2=" ">
    <subfield code="a">Idrees Muhmmad</subfield>
    <subfield code="9">107712</subfield>
  </datafield>
  <datafield tag="245" ind1=" " ind2=" ">
    <subfield code="a">Complete Guide For GAT General Test : </subfield>
    <subfield code="b">GRE ( General Local) / </subfield>
    <subfield code="c">Muhammad Idrees </subfield>
  </datafield>
  <datafield tag="250" ind1=" " ind2=" ">
    <subfield code="a">Updated </subfield>
  </datafield>
  <datafield tag="260" ind1=" " ind2=" ">
    <subfield code="a">Lohore</subfield>
    <subfield code="b">Dogar Brather</subfield>
    <subfield code="c">201-2011</subfield>
  </datafield>
  <datafield tag="300" ind1=" " ind2=" ">
    <subfield code="a">502p;</subfield>
  </datafield>
  <datafield tag="505" ind1=" " ind2=" ">
    <subfield code="a">Part I: GAT and scholarship schemes (Page-5), Part II: Diagnostic test (Page-43), Part III: Vocabulary Building Techniques (Page-85), Part IV: Verbal Ability (Page-157), Part V: Quantitative Ability (Page-276), Analytical Ability (Page-371), Part VII: Practice Test (Page-447), Part VIII: Appendix (Page-493).</subfield>
  </datafield>
  <datafield tag="651" ind1=" " ind2=" ">
    <subfield code="a">GAtT Test</subfield>
    <subfield code="9">107713</subfield>
  </datafield>
  <datafield tag="942" ind1=" " ind2=" ">
    <subfield code="2">ddc</subfield>
    <subfield code="c">BK</subfield>
    <subfield code="k">420.4,IDR</subfield>
  </datafield>
  <datafield tag="999" ind1=" " ind2=" ">
    <subfield code="c">198647</subfield>
    <subfield code="d">198647</subfield>
  </datafield>
  <datafield tag="952" ind1=" " ind2=" ">
    <subfield code="0">0</subfield>
    <subfield code="1">0</subfield>
    <subfield code="2">ddc</subfield>
    <subfield code="4">0</subfield>
    <subfield code="7">0</subfield>
    <subfield code="a">MCS</subfield>
    <subfield code="b">MCS</subfield>
    <subfield code="c">GEN</subfield>
    <subfield code="d">2016-12-12</subfield>
    <subfield code="l">4</subfield>
    <subfield code="m">1</subfield>
    <subfield code="o">420.4,IDR</subfield>
    <subfield code="p">MCS36861</subfield>
    <subfield code="r">2025-12-30</subfield>
    <subfield code="s">2025-10-21</subfield>
    <subfield code="w">2016-12-12</subfield>
    <subfield code="y">BK</subfield>
    <subfield code="z">Almirah No. 54, Shelf No. 6</subfield>
  </datafield>
  <datafield tag="952" ind1=" " ind2=" ">
    <subfield code="0">0</subfield>
    <subfield code="1">0</subfield>
    <subfield code="2">ddc</subfield>
    <subfield code="4">0</subfield>
    <subfield code="7">0</subfield>
    <subfield code="a">MCS</subfield>
    <subfield code="b">MCS</subfield>
    <subfield code="c">GEN</subfield>
    <subfield code="d">2023-01-26</subfield>
    <subfield code="l">1</subfield>
    <subfield code="o">420.4,IDR</subfield>
    <subfield code="p">MCS37183</subfield>
    <subfield code="r">2025-04-18</subfield>
    <subfield code="s">2025-04-09</subfield>
    <subfield code="w">2023-01-26</subfield>
    <subfield code="y">BK</subfield>
    <subfield code="z">Almirah No. 54, Shelf No. 6</subfield>
  </datafield>
</record>
